000 00970nam a2200241Ia 4500
001 9464
003 GE_BSU
008 181216s||||||||xx |||||||||||||| ||und||
020 _a9994009044
040 _cGE_BSU
080 _a531(075.8)+531.1+531.2
100 _aგარდაფხაძე,თამაზ, ფაჩულია,ვაჟა, გარდაფხაძე,მარინე
245 _aთეორიული მექანიკა (სტატიკა,კინემატიკა)
245 _bსახ–ლო სტუდ–ს
245 _cრედ.ტარიელ კვიტიანი
260 _aთბილისი
260 _bტექნიკური უნ–ტი
260 _c2006
300 _a13ლ.20თ.
300 _eბიბლიოგრ. გვ. 295
653 _aთეორიული მექანიკა (სტატიკა,კინემატიკა)
942 _cBK
999 _c42758
_d42758